Aboriginal title : (Record no. 10345)
[ view plain ]
| 000 -LEADER | |
|---|---|
| fixed length control field | 00771cam a22002292 4500 |
| 001 - CONTROL NUMBER | |
| control field | 0000024574 |
| 005 - DATE AND TIME OF LATEST TRANSACTION | |
| control field | 20151217152304.0 |
| 008 - FIXED-LENGTH DATA ELEMENTS--GENERAL INFORMATION | |
| fixed length control field | 140108s xx 000 0 eng d |
| 020 ## - INTERNATIONAL STANDARD BOOK NUMBER | |
| International Standard Book Number | 0199699414 : |
| 040 ## - CATALOGING SOURCE | |
| Original cataloging agency | KABU |
| Transcribing agency | KABU |
| 100 1# - MAIN ENTRY--PERSONAL NAME | |
| Personal name | McHugh, P. G. |
| -- | 0000184907 |
| 245 10 - TITLE STATEMENT | |
| Title | Aboriginal title : |
| Remainder of title | the modern jurisprudence of tribal land rights / |
| Statement of responsibility, etc. | P. G. McHugh. |
| 250 ## - EDITION STATEMENT | |
| Edition statement | 1st ed. |
| 260 ## - PUBLICATION, DISTRIBUTION, ETC. (IMPRINT) | |
| Place of publication, distribution, etc. | Oxford : |
| Name of publisher, distributor, etc. | O. U. P., |
| Date of publication, distribution, etc. | 2011. |
| 300 ## - PHYSICAL DESCRIPTION | |
| Extent | xx, 356 p. |
| 650 #0 - SUBJECT ADDED ENTRY--TOPICAL TERM | |
| Topical term or geographic name as entry element | Indigenous peoples |
| General subdivision | Land tenure. |
| -- | 0000184908 |
| 650 #0 - SUBJECT ADDED ENTRY--TOPICAL TERM | |
| Topical term or geographic name as entry element | Land tenure |
| General subdivision | Law and legislation |
| -- | History. |
| -- | 0000184909 |
| 650 #0 - SUBJECT ADDED ENTRY--TOPICAL TERM | |
| Topical term or geographic name as entry element | Indigenous peoples. |
| General subdivision | Legal status, laws, etc. |
| -- | 0000184910 |
| 852 1# - LOCATION | |
| -- | p9990 KES |
| 908 ## - PUT COMMAND PARAMETER (RLIN) | |
| Put command parameter | 140108 |
| 950 ## - LOCAL HOLDINGS (RLIN) | |
| -- | 1 |
| Withdrawn status | Lost status | Source of classification or shelving scheme | Not for loan | Home library | Current library | Date acquired | Total Checkouts | Full call number | Barcode | Date last seen | Price effective from | Koha item type |
|---|---|---|---|---|---|---|---|---|---|---|---|---|
| Library of Congress Classification | Kabarak, Main Campus | Kabarak, Main Campus | 17/12/2015 | K738 .M38 2011 c. 1 | 016278 | 17/12/2015 | 17/12/2015 | General Collection |